Etats Américains sans Franchises NBA, NFL, NHL, ou MLB - Statistiques

Statistiques générales
  • Ce quiz a été pris 964 fois
  • Le résultat moyen est 17 sur 24
Statistiques - réponses
Réponse % Correct
Alaska
85%
Dakota du Nord
83%
Dakota du Sud
83%
Alabama
82%
Hawaï
81%
Maine
79%
Arkansas
75%
Idaho
74%
Vermont
74%
Virginie
74%
Wyoming
74%
Montana
72%
Caroline du Sud
71%
Iowa
71%
Mississippi
69%
Nouveau-Mexique
69%
Connecticut
67%
New Hampshire
67%
Rhode Island
67%
Delaware
66%
Kentucky
64%
Virginie-Occidentale
64%
Nebraska
63%
Kansas
57%
Aucun quiz correspondant
Distribution des résultats
% des personnes avec chaque résultat
Percentile par nombre de réponses
Votre historique - résultats
Vous n’avez pas pris ce quiz